header

Digital fundamentals with PLD programming / (Record no. 255704)

MARC details
000 -LEADER
fixed length control field 00955cam a22002774a 4500
001 - CONTROL NUMBER
control field 13803440
003 - CONTROL NUMBER IDENTIFIER
control field OSt
005 - DATE AND TIME OF LATEST TRANSACTION
control field 20170224122741.0
008 - FIXED-LENGTH DATA ELEMENTS--GENERAL INFORMATION
fixed length control field 041201s2006 njua 001 0 eng
010 ## - LIBRARY OF CONGRESS CONTROL NUMBER
LC control number 2004063764
020 ## - INTERNATIONAL STANDARD BOOK NUMBER
International Standard Book Number 0131701886
040 ## - CATALOGING SOURCE
Original cataloging agency DLC
Transcribing agency DLC
Modifying agency DLC
042 ## - AUTHENTICATION CODE
Authentication code pcc
050 00 - LIBRARY OF CONGRESS CALL NUMBER
Classification number TK7868.D5
Item number F53 2006
082 00 - DEWEY DECIMAL CLASSIFICATION NUMBER
Classification number 621.39/5
Edition number 22
100 1# - MAIN ENTRY--PERSONAL NAME
Personal name Floyd, Thomas L.
245 10 - TITLE STATEMENT
Title Digital fundamentals with PLD programming /
Statement of responsibility, etc Thomas L. Floyd.
260 ## - PUBLICATION, DISTRIBUTION, ETC. (IMPRINT)
Place of publication, distribution, etc Upper Saddle River, NJ :
Name of publisher, distributor, etc Pearson Prentice Hall,
Date of publication, distribution, etc 2006.
300 ## - PHYSICAL DESCRIPTION
Extent xv, 1009 p. :
Other physical details col. ill. ;
Dimensions 28 cm. +
Accompanying material 1 CD-ROM (4 3/4 in.)
500 ## - GENERAL NOTE
General note Includes index.
650 #0 - SUBJECT ADDED ENTRY--TOPICAL TERM
Topical term or geographic name as entry element Digital electronics.
Topical term or geographic name as entry element Logic circuits.
906 ## - LOCAL DATA ELEMENT F, LDF (RLIN)
a 7
b cbc
c orignew
d 1
e ocip
f 20
g y-gencatlg
942 ## - ADDED ENTRY ELEMENTS (KOHA)
Source of classification or shelving scheme Library of Congress Classification
Koha item type Long Loan Books
Holdings
Withdrawn status Lost status Source of classification or shelving scheme Damaged status Not for loan Collection code Home library Current library Shelving location Date acquired Total Checkouts Full call number Barcode Date last seen Price effective from Koha item type
    Library of Congress Classification     Non-fiction Rongo University Library Rongo University Library General Stacks 24/02/2017   TK7868.D5 F53 2006 201616500 24/02/2017 24/02/2017 Long Loan Books

© 2026 Rongo University
Contact us: librarian | system librarian | Rongo university